Central Library OPAC University of Rajshahi

An introduction to gel chromatography / (Record no. 14646)

MARC details
000 -LEADER
fixed length control field 01050nam a2200301 4500
001 - CONTROL NUMBER
control field 14646
003 - CONTROL NUMBER IDENTIFIER
rucl marc code BD-RjUL
005 - DATE AND TIME OF LATEST TRANSACTION
control field 20211208235651.0
008 - FIXED-LENGTH DATA ELEMENTS--GENERAL INFORMATION
fixed length control field 140206r19741969xx 001 0 eng d
020 ## - INTERNATIONAL STANDARD BOOK NUMBER
International Standard Book Number 0720442036
035 ## - SYSTEM CONTROL NUMBER
System control number (BD-RjUL)14699
040 ## - CATALOGING SOURCE
Original cataloging agency MCL
Transcribing agency MCL
Modifying agency OCA
-- EQO
-- BD-RjUL
Language of cataloging eng
041 ## - LANGUAGE CODE
Language code of text/sound track or separate title eng
082 ## - DEWEY DECIMAL CLASSIFICATION NUMBER
Classification number 543.8
Author mark and year FII 1974
Edition number 23
100 1# - MAIN ENTRY--PERSONAL NAME
Personal name Fischer, L.
9 (RLIN) 41536
245 13 - TITLE STATEMENT
Title An introduction to gel chromatography /
260 ## - PUBLICATION, DISTRIBUTION, ETC. (IMPRINT)
Place of publication, distribution, etc. Amsterdam :
Name of publisher, distributor, etc. North-Holland Pub. Co. ;
Place of publication, distribution, etc. New York :
Name of publisher, distributor, etc. Wiley,
Date of publication, distribution, etc. 1969 [printing 1974]
300 ## - PHYSICAL DESCRIPTION
Pagination 154-396 p. :
Illustrations ill. ;
Size 20 cm.
490 0# - SERIES STATEMENT
Series statement Laboratory techniques in biochemistry and molecular biology,
500 ## - GENERAL NOTE
General note Reprint of part 2 of Electrophoresis of proteins [etc] by A. H. Gordon [and others]
504 ## - BIBLIOGRAPHY, ETC. NOTE
Bibliography, etc Includes Bibliography
650 #2 - SUBJECT ADDED ENTRY--TOPICAL TERM
Topical term or geographic name as entry element Chromatography
General subdivision laboratory manuals.
9 (RLIN) 45652
Topical term or geographic name as entry element Gels.
9 (RLIN) 45653
Topical term or geographic name as entry element Gel permeation chromatography.
9 (RLIN) 41537
Topical term or geographic name as entry element Thin layer chromatography.
9 (RLIN) 45654
Topical term or geographic name as entry element Chromatographic analysis.
9 (RLIN) 45655
942 ## - ADDED ENTRY ELEMENTS (KOHA)
Source of classification or shelving scheme Dewey Decimal Classification
Koha item type Books
Holdings
Lost status Source of classification or shelving scheme Damaged status Not for loan Collection code Permanent Location Current Location Shelving location Date acquired Source of acquisition Cost, normal purchase price Total Checkouts Full call number Date last seen Copy number Koha item type
  Dewey Decimal Classification   Not For Loan Non-fiction Central Library, University of Rajshahi Central Library, University of Rajshahi Reading Room 09/05/1977 Heffer & sons 5.10   543.8 FII 1974 06/02/2014 C-1 Books